000 00470nam a2200181Ia 4500
003 GCL
008 140319s9999 xx 000 0 eng d
040 _aGCL /
_cGCL
082 0 4 _a338.95691
_bP P
100 1 _aPERTHES, VOLKER
245 1 0 _aTHE POLITICAL ECONOMY OF SYRIA UNDER ASAD /
_cPERTHES, VOLKER
260 _a[S.N] :
_bVOLKER PERTHES ،
_c1995
300 _a298 P
650 0 4 _aPOLITICAL ECONOMY
650 0 4 _aSYRIA
650 0 4 _aECONOMY
942 _2ddc
_cBK
999 _c23698
_d23698